000 00360nam a2200133 i 4500
001 bg
100 1 _aKWAŚNIEWICZ, Władysław
245 0 _aWiejska społeczność rzemieślnicza w procesie przemian /
_cWładysław Kwaśniewicz.
260 _aWrocław,
_c1970.
040 _cBPK
041 _apol
942 _cKS
008 s pl f |000 0 pol
999 _c21386
_d21386
856 _uhttp://koha.tu.koszalin.pl/cgi-bin/koha/opac-detail.pl?biblionumber=21386
_yKatalog online BPK